Indiayude Sampathika Prasnangal / (Record no. 6235)
[ view plain ]
| 000 -LEADER | |
|---|---|
| fixed length control field | 00301cam a2200109ua 4500 |
| 082 ## - DEWEY DECIMAL CLASSIFICATION NUMBER | |
| Classification number | 330.954 |
| Item number | KRI/IN |
| 100 ## - MAIN ENTRY--AUTHOR NAME | |
| Personal name | Krishna Ayyer, S . |
| 245 ## - TITLE STATEMENT | |
| Title | Indiayude Sampathika Prasnangal / |
| 260 ## - PUBLICATION, DISTRIBUTION, ETC. (IMPRINT) | |
| Place of publication | Thiruvananthapuram : |
| Name of publisher | State Instititute of Languages , |
| Year of publication | 1975. |
| 300 ## - PHYSICAL DESCRIPTION | |
| Number of Pages | 517 ; . |
| 942 ## - ADDED ENTRY ELEMENTS (KOHA) | |
| Koha item type | Books |
| Withdrawn status | Lost status | Damaged status | Home library | Current library | Date acquired | Full call number | Accession Number | Koha item type |
|---|---|---|---|---|---|---|---|---|
| KAUAET | KAUAET | 07/04/2012 | 330.954 | 14033 | Books | |||
| KAUAET | KAUAET | 07/04/2012 | 330.954 | 13031 | Books | |||
| KAUAET | KAUAET | 07/04/2012 | 330.954 | 14037 | Books | |||
| KAUAET | KAUAET | 07/04/2012 | 330.954 | 14035 | Books | |||
| KAUAET | KAUAET | 07/04/2012 | 330.954 | 14030 | Books | |||
| KAUAET | KAUAET | 07/04/2012 | 330.954 | 14036 | Books | |||
| KAUAET | KAUAET | 07/04/2012 | 330.954 | 14032 | Books | |||
| KAUAET | KAUAET | 07/04/2012 | 330.954 | 13607 | Books | |||
| KAUAET | KAUAET | 07/04/2012 | 330.954 | 14031 | Books | |||
| KAUAET | KAUAET | 07/04/2012 | 330.954 | 14034 | Books | |||
| KAUAET | KAUAET | 07/04/2012 | 330.954 | 14028 | Books | |||
| KAUAET | KAUAET | 07/04/2012 | 330.954 | 14029 | Books |
